| 000 | 01001nam a22003017a 4500 | ||
|---|---|---|---|
| 001 | 6976 | ||
| 003 | FISKH | ||
| 005 | 20250613102331.0 | ||
| 008 | 250613b cb ||||| |||| 00| 0 eng d | ||
| 020 | _a9780064467346 | ||
| 040 |
_aFISKH _beng _cFISKH _dFISKH |
||
| 050 | _aQA273 .M87 | ||
| 082 | _a519.2 | ||
| 100 |
_aJ.Murphy, Stuart _d(1942–) |
||
| 245 |
_aProbably pistachio / _cBy Stuart J.Murphy ; Illustrated by Marsha Winborn |
||
| 250 | _aThis edition first published in 2001 | ||
| 260 |
_aNew York : _bHarperCollins, _c2001 |
||
| 300 |
_a30 unnumbered pages : _bcolor illustrations ; _c21 x 26 cm |
||
| 505 | _aL | ||
| 520 | _aReaders are introduced to the concept of probability in a story about a boy who has a day in which nothing goes right. | ||
| 521 | 8 |
_a520
_bLexile |
|
| 521 | 8 |
_aL
_bRaz-Plus |
|
| 650 |
_2MathStart _aProbability |
||
| 650 |
_2Stuart Murphy Bin _aMath Basket |
||
| 700 |
_aWinborn, Marsha _dillustrator |
||
| 942 |
_2ddc _cBK _n0 |
||
| 999 |
_c6976 _d6976 |
||